000 00333nam a22001337a 4500
020 _a9789693501605
040 _cNUST
082 _a891.4393 TAR
100 _aTarar, Mustansar Hussain
_93135
245 _aBahao
260 _aLahore;
_bSang E Meel Publications,
_c2009.
650 _aUrdu Literature-Novel
_91164
942 _2ddc
_cBK
999 _c594590
_d594590